000 00799nam a2200277 a 4500
001 000111130
003 CHAP
005 20220329144159.0
008 141205s2013 enka |r| ||||||eng d
010 _a107592
011 _a108564
020 _a9781842657539
040 _cCHAP
082 0 4 _a547.122
_bA28
100 1 _aAhluwalia, V. K.
_9125333
245 1 0 _aGreen chemistry :
_ba textbook /
_cpor V. K. Ahluwalia.
260 _aOxford, U. K. :
_bAlpha Science International,
_c2013.
300 _axxii, [520] p. en varias páginas.
590 _aE5995AHE
_b05
_c20141205
_lUCH01
_h1423
590 _aE5995AHE
_b05
_c20141205
_lUCH01
_h1427
590 _aE5995AHE
_b05
_c20141205
_lUCH01
_h1443
650 1 4 _aQuímica
_xMedio ambiente.
_993568
901 _aBK
942 _cLIBRO
942 _n0
999 _c107592
_d107592